<?xml version="1.0" encoding="UTF-8"?>
<collection xmlns:xsi="http://www.w3.org/2001/XMLSchema-instance" xsi:schemaLocation="http://www.loc.gov/MARC21/slim http://www.loc.gov/standards/marcxml/schema/MARC21slim.xsd" xmlns="http://www.loc.gov/MARC21/slim">
 <record>
  <leader>00000cam a22000004i 4500</leader>
  <controlfield tag="001">UP-99796217611578567</controlfield>
  <controlfield tag="003">Buklod</controlfield>
  <controlfield tag="005">20230619154520.0</controlfield>
  <controlfield tag="006">m     o  j        </controlfield>
  <controlfield tag="007">cr |n |||auu|a</controlfield>
  <controlfield tag="008">131219s2014    nyua    rb   |001 0|eng d</controlfield>
  <datafield tag="020" ind1=" " ind2=" ">
   <subfield code="a">9781461494591</subfield>
  </datafield>
  <datafield tag="035" ind1=" " ind2=" ">
   <subfield code="a">(iLib)UPD-00243207687</subfield>
  </datafield>
  <datafield tag="040" ind1=" " ind2=" ">
   <subfield code="a">DLC</subfield>
   <subfield code="d">DMLS</subfield>
   <subfield code="e">rda</subfield>
  </datafield>
  <datafield tag="041" ind1="0" ind2=" ">
   <subfield code="a">eng</subfield>
  </datafield>
  <datafield tag="042" ind1=" " ind2=" ">
   <subfield code="a">DMLUC</subfield>
  </datafield>
  <datafield tag="090" ind1=" " ind2=" ">
   <subfield code="a">HF 5381</subfield>
   <subfield code="b">H355 2014</subfield>
  </datafield>
  <datafield tag="245" ind1="0" ind2="0">
   <subfield code="a">Handbook of career development</subfield>
   <subfield code="b">international perspectives</subfield>
   <subfield code="c">Gideon Arulmani, Anuradha J. Bakshi, Frederick T.L. Leong, A.G. Watts, editors.</subfield>
  </datafield>
  <datafield tag="264" ind1=" " ind2="1">
   <subfield code="a">New York</subfield>
   <subfield code="b">Springer</subfield>
   <subfield code="c">[2014]</subfield>
  </datafield>
  <datafield tag="300" ind1=" " ind2=" ">
   <subfield code="a">xxxiii, 771 pages</subfield>
   <subfield code="b">illustrations</subfield>
   <subfield code="c">27 cm.</subfield>
  </datafield>
  <datafield tag="336" ind1=" " ind2=" ">
   <subfield code="a">text</subfield>
   <subfield code="2">rdacontent</subfield>
  </datafield>
  <datafield tag="337" ind1=" " ind2=" ">
   <subfield code="a">unmediated</subfield>
   <subfield code="2">rdamedia</subfield>
  </datafield>
  <datafield tag="338" ind1=" " ind2=" ">
   <subfield code="a">volume</subfield>
   <subfield code="2">rdacarrier</subfield>
  </datafield>
  <datafield tag="490" ind1="0" ind2=" ">
   <subfield code="a">International and cultural psychology</subfield>
  </datafield>
  <datafield tag="504" ind1=" " ind2=" ">
   <subfield code="a">Includes bibliographical references and index.</subfield>
  </datafield>
  <datafield tag="505" ind1="0" ind2=" ">
   <subfield code="a">ch. 1. The manifestation of career : introduction and overview / Gideon Arulmani, . . . [et al.] -- Part I. New directions in theoretical perspectives for career development and guidance -- ch. 2. New trends in theory development in career psychology / Mary McMahon -- ch. 3. Context-resonant systems perspectives in career theory / Mary McMahon, Mark Watson, and Wendy Patton -- ch. 4.Life span theory and career theories : rapprochement or estrangement? / Anuradha J. Bakshi -- ch. 5. Indigenous models of career development and vocational psychology / Frederick T.L. Leong and Marina Pearce -- ch. 6.The cultural preparation process model and career development / Gideon Arulmani -- ch. 7. Mahatma Gandhi's ideas for work, career, and life / V.R. Devika and Gideon Arulmani -- Part II. The person in contexts across the life span -- ch. 8.Personality and self : multiple frames of reference for career service professionals / Anuradha J. Bakshi -- ch. 9. Parental influences on youth's career construction / Salvatore Soresi, . . . [et al.] -- ch. 10. The interface between positive youth development and youth career development : new avenues for career guidance practice / Anuradha J. Bakshi and Jahnvee Joshi -- ch. 11. Mid-career progression and development : the role for career guidance and counseling / Jenny Bimrose and Alan Brown -- Part III. Boom, bust, and suitability : effective career preparation in a volatile labor market -- ch. 12. Understanding the labor market : implications for career counseling / Sachin Kumar and Gideon Arulmani -- ch. 13. Labor market and career development in the 21st century / Stelina Chatzichristou and Gideon Arulmani -- ch. 14. Career advice and guidance in a world where vocational skills matter / Heidi Agbenyo and Kathleen Collett -- ch. 15. Technical and vocational education and training (TVET) and career guidance : the interface / Helmut Zelloth -- ch. 16. Second career : an eventual need in today's world / Archana Jain -- Part IV. Making our careers green : work, environmental sustainability, and social justice -- ch. 17. Green guidance / Peter Plant-- ch. 18. Career guidance for social justice in neoliberal times / Ronald G. Sultana -- ch. 19. Educational inequality and social justice : challenges for career guidance / Walter Müller -- ch. 20. Career guidance and counseling in the context of unemployment and vulnerability : a case study of South Africa / Pundy Pillay, Rènette du Toit, and Marina Mayer -- ch. 21.Tensions in livelihoods : a rural perspective / Kartik Kalyanram, Radha Gopalan, and Kamakshi Kartik-- ch. 22. Traditional occupations in a modern world : career guidance, livelihood planning, and crafts in the context of globalization / Anita Ratnam -- Part V. Career services : new directions for practice -- ch. 23. Telling tales : do narrative approaches for career counseling count? / Hazel Reid and Linden West -- ch. 24. Mind the twist in the tale : the story as a channel for culture-resonant career counseling / Kamini Ramachandran and Gideon Arulmani -- ch. 25. Enabling culturally sensitive career counseling through critically reflective practice : the role of reflective diaries in personal and professional development / Barbara Bassot -- ch. 26. Online careers work : colonist or inhabitant? / Bill Law -- ch. 27. Career helplines : a resource for career development / Oatrucua Flederman and A.G. Watts -- Part VI. Innovations in career counseling : services for special groups -- ch. 28. Special educational needs, social cognitive environments, and preparing for the world of work / Sonali Nag -- ch. 29. &quot;I don't want to make candles!&quot; Supporting the career development needs of those recovering from mental llnesses / Gideon Arulmani and Srinivasa Murthy -- ch. 30. Career counseling among indigenous peoples / Glenn C. Kharkongor and Sandra Albert -- ch. 31. Older women's retrospective narratives of their work and learning pathways / Jenny Bimrose, Mary McMahon and Mark Watson -- ch. 32. The immigrant, expatriate, and repatriate experience : how career professionals can smooth the way? / Roberta A. Neault -- ch. 33. Should I stay or should I go home? Career guidance with international students / Nancy Arthur and Sarah Nunes -- Part VII. Career services : new directions for assessment and evaluation -- ch. 34. Assessment of interest and aptitude : a methodologically integrated approach / Gideon Arulmani -- ch. 35. Making meaning of quantitative assessment in career counseling through a storytelling approach / Mark Watson and Mary McMahon -- ch. 36. The assessment of quality of working life in career guidance and counseling / Simon Easton and Darren Van Laar -- ch. 37. Evaluation of the quality of career guidance centers / Nirmala Almeida, Aziel Marques, and Gideon Arulmani -- ch. 38. Demonstrating the impact of career guidance / Bryan Hiebert, Karen Schober, and Lester Oakes -- Part VIII. Career services : new directions for counselor training, competencies, and standards -- ch. 39. Career counselor competencies and standards : differences and similarities across countries / Bryan Hiebert and Roberta Neault -- ch. 40. Orienting educators to contemporary ideas for career counseling : an illustrative example / William Borgen and Bryan Hiebert -- ch. 41. Training career practitioners : opportunities and challenges / Spencer G. Niles.</subfield>
  </datafield>
  <datafield tag="650" ind1=" " ind2="0">
   <subfield code="a">Career development.</subfield>
  </datafield>
  <datafield tag="650" ind1=" " ind2="0">
   <subfield code="a">Personality and occupation.</subfield>
  </datafield>
  <datafield tag="650" ind1=" " ind2="0">
   <subfield code="a">Vocational guidance.</subfield>
  </datafield>
  <datafield tag="650" ind1=" " ind2="0">
   <subfield code="a">Self-presentation.</subfield>
  </datafield>
  <datafield tag="700" ind1="1" ind2=" ">
   <subfield code="a">Arulmani, Gideon</subfield>
   <subfield code="e">editor.</subfield>
  </datafield>
  <datafield tag="700" ind1="1" ind2=" ">
   <subfield code="a">Bakshi, Anuradha J.</subfield>
   <subfield code="e">editor.</subfield>
  </datafield>
  <datafield tag="700" ind1="1" ind2=" ">
   <subfield code="a">Leong, Frederick T.L.</subfield>
   <subfield code="e">editor.</subfield>
  </datafield>
  <datafield tag="700" ind1="1" ind2=" ">
   <subfield code="a">Watts, A.G.</subfield>
   <subfield code="e">editor.</subfield>
  </datafield>
  <datafield tag="842" ind1=" " ind2=" ">
   <subfield code="a">Book</subfield>
  </datafield>
  <datafield tag="905" ind1=" " ind2=" ">
   <subfield code="a">FO</subfield>
  </datafield>
  <datafield tag="852" ind1="0" ind2=" ">
   <subfield code="a">UPD</subfield>
   <subfield code="b">DMLS</subfield>
   <subfield code="h">HF 5381</subfield>
   <subfield code="i">H355 2014</subfield>
  </datafield>
  <datafield tag="942" ind1=" " ind2=" ">
   <subfield code="a">Book</subfield>
  </datafield>
 </record>
</collection>
